Black swan: the impact of the highly improbable (Record no. 33698)

MARC details
000 -LEADER
fixed length control field 00438nam a22001697a 4500
003 - CONTROL NUMBER IDENTIFIER
control field OSt
005 - DATE AND TIME OF LATEST TRANSACTION
control field 20260405113744.0
008 - FIXED-LENGTH DATA ELEMENTS--GENERAL INFORMATION
fixed length control field 260405b |||||||| |||| 00| 0 eng d
020 ## - INTERNATIONAL STANDARD BOOK NUMBER
International Standard Book Number 9780141034591
040 ## - CATALOGING SOURCE
Transcribing agency LIRC
082 ## - DEWEY DECIMAL CLASSIFICATION NUMBER
Classification number 330.1 TAL
100 ## - MAIN ENTRY--PERSONAL NAME
Personal name Taleb, Nassim Nicholas
9 (RLIN) 1073
245 ## - TITLE STATEMENT
Title Black swan: the impact of the highly improbable
260 ## - PUBLICATION, DISTRIBUTION, ETC.
Place of publication, distribution, etc. London
Name of publisher, distributor, etc. Penguin Random House
Date of publication, distribution, etc. 2010
300 ## - PHYSICAL DESCRIPTION
Extent 444 p.
942 ## - ADDED ENTRY ELEMENTS (KOHA)
Source of classification or shelving scheme Dewey Decimal Classification
Koha item type Utkarsh
Holdings
Withdrawn status Lost status Source of classification or shelving scheme Damaged status Not for loan Home library Current library Date acquired Source of acquisition Coded location qualifier Cost, normal purchase price Total Checkouts Full call number Barcode Date last seen Copy number Cost, replacement price Price effective from Koha item type
    Dewey Decimal Classification     Library and Information Resource Centre Library and Information Resource Centre 2026-04-01 Shambhavi New Delhi 799.00   330.1 TAL UT291 2026-04-05 1 799.00 2026-04-01 Utkarsh
Visit counter For Websites
LIRC, NIIT University, Neemrana, 01494-660783, Copyright © 2015. All Rights Reserved.